La Trame géologique de l'histoire humaine (Record no. 35540)

MARC details
000 -LEADER
fixed length control field 00673 a2200265 4500
037 ## - SOURCE OF ACQUISITION
Stock number 14948
100 ## - VEDETTE PRINCIPALE - NOM DE PERSONNE
Personal name Termier, H.
100 ## - VEDETTE PRINCIPALE - NOM DE PERSONNE
Language of a work Fr
260 ## - PUBLICATION, DISTRIBUTION, ETC. (IMPRINT)
Place of publication, distribution, etc Paris
260 ## - PUBLICATION, DISTRIBUTION, ETC. (IMPRINT)
Name of publisher, distributor, etc Masson
245 ## - TITLE STATEMENT
Title La Trame géologique de l'histoire humaine
260 ## - PUBLICATION, DISTRIBUTION, ETC. (IMPRINT)
Date of publication, distribution, etc 1961
300 ## - PHYSICAL DESCRIPTION
Extent 186 p.
300 ## - PHYSICAL DESCRIPTION
Other physical details 22 cm
440 ## - SERIES STATEMENT/ADDED ENTRY--TITLE
Number of part/section of a work 18
440 ## - SERIES STATEMENT/ADDED ENTRY--TITLE
Title Collection Evolution des sciences
630 ## - SUBJECT ADDED ENTRY--UNIFORM TITLE
Uniform title 91 - Geographie. Exploration de la terre, des diverses regions, des divers pays. Voyages. Geographie regionale
650 ## - SUBJECT ADDED ENTRY--TOPICAL TERM
Topical term or geographic name as entry element 9 - GEOGRAPHIE ET HISTOIRE
650 ## - SUBJECT ADDED ENTRY--TOPICAL TERM
Topical term or geographic name as entry element Géologie
650 ## - SUBJECT ADDED ENTRY--TOPICAL TERM
Topical term or geographic name as entry element Séisme
650 ## - SUBJECT ADDED ENTRY--TOPICAL TERM
Topical term or geographic name as entry element Humanité
700 ## - ADDED ENTRY--PERSONAL NAME
Personal name Termier, G.
Holdings
Withdrawn status Lost status Damaged status Not for loan Location (home branch) Sublocation or collection (holding branch) Date acquired Koha issues (times borrowed) Koha full call number Koha date last seen Price effective from Koha item type
        Bibliothèque Universitaire Centrale Bibliothèque Universitaire Centrale 28/02/2009   9112/551.7 TER 28/02/2009 28/02/2009 Livre


© 2008, Bibliothèques de l'Université d'Abomey-Calavi

04 BP 789 Cotonou, Tél. : +229 21 36 01 01, Fax : +229 21 35 06 32

Courriel : bu@bu.uac.bj